Classroom assessment : (Record no. 11661)
[ view plain ]
| 000 -LEADER | |
|---|---|
| fixed length control field | 01000cam a2200301 a 4500 |
| 001 - CONTROL NUMBER | |
| control field | 14567523 |
| 005 - DATE AND TIME OF LATEST TRANSACTION | |
| control field | 20160808102047.0 |
| 008 - FIXED-LENGTH DATA ELEMENTS--GENERAL INFORMATION | |
| fixed length control field | 060925s2008 maua 001 0 eng |
| 010 ## - LIBRARY OF CONGRESS CONTROL NUMBER | |
| LC control number | 2006052016 |
| 020 ## - INTERNATIONAL STANDARD BOOK NUMBER | |
| International Standard Book Number | 9780205510757 |
| 020 ## - INTERNATIONAL STANDARD BOOK NUMBER | |
| International Standard Book Number | 0205510752 |
| 035 ## - SYSTEM CONTROL NUMBER | |
| System control number | (OCoLC)ocm71952281 |
| 035 ## - SYSTEM CONTROL NUMBER | |
| System control number | (OCoLC)71952281 |
| 040 ## - CATALOGING SOURCE | |
| Original cataloging agency | DLC |
| Transcribing agency | DLC |
| Modifying agency | DLC |
| 050 00 - LIBRARY OF CONGRESS CALL NUMBER | |
| Classification number | LB3051 |
| Item number | .P6142 2008 |
| 082 00 - DEWEY DECIMAL CLASSIFICATION NUMBER | |
| Classification number | 371.26 |
| Edition number | 22 |
| Item number | POP |
| 100 1# - MAIN ENTRY--PERSONAL NAME | |
| Personal name | Popham, W. James. |
| 9 (RLIN) | 5491 |
| 245 10 - TITLE STATEMENT | |
| Title | Classroom assessment : |
| Remainder of title | what teachers need to know / |
| Statement of responsibility, etc | W. James Popham. |
| 250 ## - EDITION STATEMENT | |
| Edition statement | 5th ed. |
| 260 ## - PUBLICATION, DISTRIBUTION, ETC. (IMPRINT) | |
| Place of publication, distribution, etc | Boston : |
| Name of publisher, distributor, etc | Pearson/Allyn and Bacon, |
| Date of publication, distribution, etc | c2008. |
| 300 ## - PHYSICAL DESCRIPTION | |
| Extent | xviii, 366 p. : |
| Other physical details | ill. (some col.) ; |
| Dimensions | 24 cm. |
| 500 ## - GENERAL NOTE | |
| General note | Includes index. |
| 650 #0 - SUBJECT ADDED ENTRY--TOPICAL TERM | |
| Topical term or geographic name as entry element | Educational tests and measurements. |
| 9 (RLIN) | 5492 |
| 650 #0 - SUBJECT ADDED ENTRY--TOPICAL TERM | |
| Topical term or geographic name as entry element | Examinations |
| General subdivision | Validity. |
| 9 (RLIN) | 5494 |
| 650 #0 - SUBJECT ADDED ENTRY--TOPICAL TERM | |
| 9 (RLIN) | 5493 |
| Topical term or geographic name as entry element | Examinations |
| General subdivision | Design and construction |
| 942 ## - ADDED ENTRY ELEMENTS (KOHA) | |
| Source of classification or shelving scheme | Dewey Decimal Classification |
| Item type | Book - Borrowing |
| Withdrawn status | Item status | Source of classification or shelving scheme | Damaged status | Not for loan | Vendor | Home library | Current library | Shelving location | Date acquired | Source of acquisition | Cost, normal purchase price | Serial Enumeration / chronology | Total Checkouts | Full call number | Barcode | Date last seen | Koha item type |
|---|---|---|---|---|---|---|---|---|---|---|---|---|---|---|---|---|---|
| Dewey Decimal Classification | Alahram | Central Library | Central Library | First floor | 27/05/2009 | 225.00 | 355 | 371.261 POP | 000016475 | 15/07/2025 | Book - Borrowing | ||||||
| Dewey Decimal Classification | Baccah | Central Library | Central Library | First floor | 08/07/2009 | 390.00 | 8139 | 371.261 POP | 000017384 | 15/07/2025 | NB - Book (Non borrowing) |